00265nam a2200109 a 4500008004100000050001400041100001700055245002200072260003500094300001700129350000900146120416s1969 ||||||||||||||||| || u aD 422 Col aColton, Joel10aTwentieth century aNederlandbTime-Life Intc1969 a176p. : ill. a0.00